000 00318nam a22001337a 4500
020 _a9789350300718
082 _a664.2
_bCHO/EN
100 _aChoudhary,N .L.
_9824
100 _aAnjana Singh
_9825
245 _aEnzymes in Food Processing
260 _aJaipur
_bOxford Book Company
_c2012
300 _a296
942 _cBK
999 _c14484
_d14484